|
|
|
|
| LEADER |
01140nam a2200301 4500 |
| 001 |
DLU170181602 |
| 005 |
##20171031 |
| 040 |
# |
# |
|a DLU
|b vie
|
| 041 |
# |
# |
|a vie
|
| 044 |
# |
# |
|a vn
|
| 082 |
# |
# |
|a 305.895 922
|b HA-C
|
| 100 |
# |
# |
|a Hà Quốc Chính.
|
| 245 |
# |
# |
|a Đạo Phật trong cộng đồng người Cơ Ho Srê ở huyện Di Linh tỉnh Lâm Đồng từ năm 1985 đến năm 2016 :
|b Tóm tắt Luận văn Thạc sĩ Lịch sử Việt Nam /
|c Hà Quốc Chính; Cao Thế Trình hướng dẫn.
|
| 260 |
# |
# |
|a Đà Lạt :
|b Trường Đại học Đà Lạt,
|c 2016.
|
| 300 |
# |
# |
|a 24 tr. ;
|c 21 cm.
|
| 650 |
# |
# |
|a Cơ Ho (Dân tộc Việt Nam)
|z Lâm Đồng
|x Đời sống tôn giáo và tập quán.
|
| 650 |
# |
# |
|a Phật giáo
|z Lâm Đồng.
|
| 700 |
# |
# |
|a Cao Thế Trình,
|c PGS.TS.
|e hướng dẫn.
|
| 915 |
# |
# |
|a Lịch sử Việt Nam
|b 60220313
|c Thạc sĩ
|d Trường Đại học Đà Lạt
|e Bộ Giáo dục và Đào tạo.
|
| 992 |
# |
# |
|a 0
|
| 994 |
# |
# |
|a DLU
|
| 900 |
# |
# |
|a True
|
| 911 |
# |
# |
|a Nguyễn Thanh Hương
|
| 925 |
# |
# |
|a G
|
| 926 |
# |
# |
|a A
|
| 927 |
# |
# |
|a LA
|
| 980 |
# |
# |
|a Thư viện Trường Đại học Đà Lạt
|